000 00572nam a2200157 a 4500
008 090107s2007 ||||||||||||||||| || u
020 _a9781403144140
050 _aBP 605.S2 Hub
100 _aHubbard, L. Ron
245 1 0 _aAdvanced procedure and axioms
_cL. Ron Hubbard
260 _aLos Angeles, CA
_bBridge Publications
_c2007
350 _a0.00
650 _aDIANETICS
650 3 _aPSYCHOLOGY
995 _D0.00
_FCBU-MAIN LIBRARY (Kitwe)
_H1
_I0.00
_M1
_UAVAILABLE
_WJan 7, 2009
_ZMain Library Open Access Collection
999 _c33581
_d33581